000
00299nam a22001217a 4500
008
230621b xxu||||| |||| 00| 0 eng d
082
_a
328.17
_b
WYO
100
_c
WYO
245
_a
Rules
_b
Senate and House of Representatives
260
_b
Wyoming Legislature
_c
1994
300
_a
48p
942
_2
ddc
_c
BK
999
_c
2151
_d
2151